[Event "EU-ch U16 24th"]
[Site "Batumi"]
[Date "2014.10.21"]
[Round "3"]
[White "Hoang, Harry"]
[Black "Zakaryan, David"]
[Result "0-1"]
[WhiteElo "2129"]
[BlackElo "2343"]
[PlyCount "76"]
[EventDate "2014.10.19"]
[EventType "swiss"]
[EventRounds "9"]
[EventCountry "GEO"]
[SourceTitle "EXT 2015"]
[Source "ChessBase"]
[SourceDate "2014.11.20"]
[SourceVersion "1"]
[SourceVersionDate "2014.11.20"]
[SourceQuality "1"]

1. e4 e5 2. Nf3 Nc6 3. Bb5 a6 4. Ba4 Nge7 5. Nc3 d6 6. Nd5 Bd7 7. c3 Nxd5 8. exd5 Ne7 9. Bb3 Bg4 10. h3 Bxf3 11. Qxf3 g6 12. Qf6 Rg8 13. d3 Nf5 14. Qxd8+ Kxd8 15. Bg5+ Be7 16. Bd2 Nh4 17. Rg1 g5 18. Bd1 f5 19. g3 Ng6 20. Bf3 Kd7 21. 0-0-0 Raf8 22. Rde1 c6 23. Kc2 Bd8 24. Re2 Ne7 25. dxc6+ bxc6 26. g4 h6 27. c4 Bb6 28. b4 fxg4 29. Bxg4+ Kc7 30. c5 dxc5 31. bxc5 Bxc5 32. Rxe5 Nd5 33. Ba5+ Bb6 34. Bxb6+ Kxb6 35. Rb1+ Kc5 36. f3 Re8 37. Rxe8 Rxe8 38. Rc1 Re5 0-1

[Event "Wch U14"]
[Site "Al Ain"]
[Date "2013.12.19"]
[Round "2"]
[White "Lorparizangeneh, Shahin"]
[Black "Hoang, Harry"]
[Result "1-0"]
[WhiteElo "2270"]
[BlackElo "1990"]
[PlyCount "115"]
[EventDate "2013.12.18"]
[EventType "swiss"]
[EventRounds "11"]
[EventCountry "UAE"]
[SourceTitle "CBM 158 Extra"]
[Source "ChessBase"]
[SourceDate "2014.02.28"]
[SourceVersion "1"]
[SourceVersionDate "2014.02.28"]
[SourceQuality "1"]

1. d4 Nf6 2. c4 e6 3. Nc3 Bb4 4. Qc2 0-0 5. Nf3 c5 6. dxc5 Na6 7. g3 Nxc5 8. Bg2 Nfe4 9. 0-0 Nxc3 10. bxc3 Ba5 11. Rd1 Bc7 12. e4 Qe7 13. e5 f5 14. exf6 Qxf6 15. Nd4 a6 16. Ba3 d6 17. Nb3 Qe7 18. Qe2 Rb8 19. Qe3 b6 20. Nd4 Bd7 21. Re1 Rf6 22. Nc6 Bxc6 23. Bxc6 Kh8 24. Re2 Qf7 25. Rae1 Rf8 26. Bg2 Qg6 27. Qd4 Qf7 28. Rf1 Qd7 29. Bc1 Bb8 30. Bg5 Rf5 31. h4 h6 32. Be3 Qf7 33. Bh3 Re5 34. Bg2 Rf5 35. Rd2 d5 36. Rdd1 Be5 37. Qd2 Ne4 38. Bxe4 dxe4 39. Qe2 Rf3 40. Bd4 Qh5 41. Qxe4 Bc7 42. Be3 R8f7 43. Kg2 Rf8 44. Rfe1 Qf7 45. Re2 Qh5 46. Red2 Qf7 47. c5 b5 48. c6 g5 49. hxg5 hxg5 50. Bc5 Bd6 51. Bxd6 Rxf2+ 52. Rxf2 Qxf2+ 53. Kh3 g4+ 54. Qxg4 Rf5 55. Be5+ Rxe5 56. Rd8+ Kh7 57. Rd7+ Kh6 58. Qg7+ 1-0

[Event "Wch U14"]
[Site "Maribor"]
[Date "2012.11.12"]
[Round "6.39"]
[White "Cori Quispe, Kevin Joel"]
[Black "Hoang, Harry"]
[Result "1/2-1/2"]
[WhiteElo "2073"]
[BlackElo "1919"]
[PlyCount "107"]
[EventDate "2012.11.08"]
[EventType "swiss"]
[EventRounds "11"]
[EventCountry "SLO"]
[SourceTitle "EXT 2013"]
[Source "ChessBase"]
[SourceDate "2012.11.22"]
[SourceVersion "1"]
[SourceVersionDate "2012.11.22"]
[SourceQuality "1"]

1. e4 c5 2. Nf3 d6 3. Bb5+ Bd7 4. Bxd7+ Qxd7 5. c4 Nc6 6. d4 cxd4 7. Nxd4 g6 8. 0-0 Bg7 9. Be3 Nf6 10. Nc3 0-0 11. f3 Rac8 12. b3 b6 13. Qd2 Qb7 14. Rac1 Nd7 15. Rfd1 Nc5 16. Nd5 Nxd4 17. Bxd4 Ne6 18. Bxg7 Kxg7 19. f4 Nc5 20. Re1 Rfe8 21. h4 Nd7 22. h5 Nf6 23. Qc3 Qc6 24. Re3 h6 25. Rg3 e5 26. Nxf6 Kxf6 27. Rf1 Kg7 28. hxg6 fxg6 29. f5 g5 30. f6+ Kf7 31. Qf3 Rg8 32. Qh5+ Rg6 33. Rxg5 Qxe4 34. Rxg6 Qxg6 35. Qh3 Rd8 36. Rf5 Rg8 37. Rh5 Qg4 38. Qxg4 Rxg4 39. Rxh6 Rf4 40. Rh7+ Kxf6 41. Rxa7 e4 42. g3 Rf5 43. Ra8 Ke5 44. Re8+ Kd4 45. Re6 e3 46. g4 Rf4 47. Kg2 Kd3 48. Rxd6+ Kc2 49. Rxb6 e2 50. Re6 Kd2 51. g5 e1Q 52. Rxe1 Kxe1 53. Kg3 Rf1 54. Kg4 1/2-1/2

[Event "EU-ch U12"]
[Site "Albena"]
[Date "2011.09.18"]
[Round "7"]
[White "Peczely, Sebastian Zsombor"]
[Black "Hoang, Harry"]
[Result "1-0"]
[WhiteElo "2024"]
[BlackElo "1860"]
[PlyCount "77"]
[EventDate "2011.09.11"]
[EventType "swiss"]
[EventRounds "9"]
[EventCountry "BUL"]
[SourceTitle "CBM 144 Extra"]
[Source "ChessBase"]
[SourceDate "2011.10.28"]
[SourceVersion "1"]
[SourceVersionDate "2011.10.28"]
[SourceQuality "1"]

1. e4 c5 2. Nf3 d6 3. d4 Nf6 4. Nc3 cxd4 5. Nxd4 g6 6. Be3 Bg7 7. f3 Nc6 8. Qd2 0-0 9. 0-0-0 d5 10. Qe1 e6 11. h4 Qa5 12. Nb3 Qc7 13. Bc5 Qf4+ 14. Kb1 Re8 15. g3 Qb8 16. Nb5 Bf8 17. Bxf8 Rxf8 18. N3d4 Nxd4 19. Nxd4 e5 20. Nb5 dxe4 21. fxe4 a6 22. Nc3 Be6 23. Be2 h5 24. Qf2 Kg7 25. Rhf1 Nd7 26. Nd5 Bxd5 27. Rxd5 Qc7 28. g4 Rac8 29. c3 hxg4 30. Bxg4 Rcd8 31. h5 Qc6 32. Bxd7 Rxd7 33. Rxd7 Qxd7 34. Qf6+ Kh7 35. hxg6+ Kg8 36. Rh1 Qd3+ 37. Ka1 Qd1+ 38. Rxd1 fxg6 39. Qxg6+ 1-0

[Event "SUI-ch U12"]
[Site "St Ursanne"]
[Date "2011.07.03"]
[Round "7"]
[White "Hoang, Harry"]
[Black "Rohrer, Christophe"]
[Result "1/2-1/2"]
[WhiteElo "1874"]
[BlackElo "1758"]
[PlyCount "118"]
[EventDate "2011.06.30"]
[EventType "swiss"]
[EventRounds "7"]
[EventCountry "SUI"]
[SourceTitle "EXT 2012"]
[Source "ChessBase"]
[SourceDate "2011.11.24"]
[SourceVersion "1"]
[SourceVersionDate "2011.11.24"]
[SourceQuality "1"]

1. e4 c5 2. Nf3 e6 3. d4 cxd4 4. Nxd4 Nc6 5. Nc3 Qc7 6. Be3 a6 7. Qd2 Nf6 8. 0-0-0 Bb4 9. f3 Na5 10. Nb3 Nxb3+ 11. axb3 Bxc3 12. Qxc3 Qxc3 13. bxc3 0-0 14. Bc5 Re8 15. c4 e5 16. Bd6 h6 17. c5 g6 18. Bc4 Kg7 19. Rhf1 Nh5 20. g3 Nf6 21. Rde1 g5 22. Kd2 b5 23. cxb6 Bb7 24. Bd5 Nxd5 25. exd5 Bxd5 26. Rxe5 Rxe5 27. Bxe5+ f6 28. Bc7 Re8 29. f4 g4 30. c4 Bb7 31. Kd3 Re4 32. Rf2 Kf7 33. Re2 Rxe2 34. Kxe2 Ke6 35. Kd3 f5 36. Kd4 d6 37. Kc3 Kd7 38. Kb4 Kc6 39. Kc3 Kd7 40. b4 Kc6 41. Kd4 Kd7 42. Kc3 Kc6 43. Kb3 Bc8 44. Kc3 Bb7 45. Kd3 Ba8 46. Kd4 Kd7 47. Ke3 Bb7 48. Kd4 Ba8 49. c5 dxc5+ 50. Kxc5 Bb7 51. Be5 h5 52. Bb8 Ke6 53. Bc7 Kd7 54. Kc4 Bc6 55. Be5 Bb7 56. Kc5 Ke6 57. Bb8 Kd7 58. Bc7 Ke6 59. Kd4 Ba8 1/2-1/2

[Event "SUI-ch U12"]
[Site "St Ursanne"]
[Date "2011.07.02"]
[Round "5"]
[White "Schweighoffer, Martin"]
[Black "Hoang, Harry"]
[Result "0-1"]
[WhiteElo "1801"]
[BlackElo "1874"]
[PlyCount "108"]
[EventDate "2011.06.30"]
[EventType "swiss"]
[EventRounds "7"]
[EventCountry "SUI"]
[SourceTitle "EXT 2012"]
[Source "ChessBase"]
[SourceDate "2011.11.24"]
[SourceVersion "1"]
[SourceVersionDate "2011.11.24"]
[SourceQuality "1"]

1. e4 c5 2. Nf3 d6 3. d4 cxd4 4. Qxd4 Bd7 5. c4 Nc6 6. Qd1 Nf6 7. Nc3 g6 8. h3 Bg7 9. Be3 Rc8 10. Rc1 0-0 11. Be2 h6 12. 0-0 Be6 13. b3 Nd7 14. Kh1 Nc5 15. Bd3 Kh7 16. Bb1 Qd7 17. Nd5 b6 18. b4 Nb7 19. a3 Rh8 20. Nh2 Ne5 21. Qe2 Bxd5 22. exd5 Qc7 23. Ba2 Nd7 24. f4 Rce8 25. Qd3 Bf6 26. Ng4 Kg7 27. Bd4 h5 28. Nxf6 exf6 29. f5 g5 30. Qg3 Ne5 31. Rce1 Kh6 32. h4 g4 33. Bxe5 Rxe5 34. Rxe5 dxe5 35. Qe3+ Kg7 36. Rc1 Rc8 37. Bb3 Qd6 38. Bd1 Rc7 39. Rc3 Rc8 40. Qe4 Kf8 41. Qe3 Kg7 42. Qc1 Rc7 43. g3 Qd7 44. Qc2 Nd6 45. c5 Nxf5 46. d6 Rc8 47. c6 Qxd6 48. Be2 Nd4 49. Qd2 Rxc6 50. Rd3 Qd5+ 51. Kh2 Qe4 52. Re3 Qc2 53. Qe1 Nf3+ 54. Rxf3 gxf3 0-1

[Event "SUI-ch U12"]
[Site "Belp"]
[Date "2010.07.04"]
[Round "6"]
[White "Schweighoffer, Martin"]
[Black "Hoang, Harry"]
[Result "0-1"]
[WhiteElo "1763"]
[BlackElo "1822"]
[PlyCount "52"]
[EventDate "2010.06.29"]
[EventType "swiss"]
[EventRounds "7"]
[EventCountry "SUI"]
[SourceTitle "EXT 2012"]
[Source "ChessBase"]
[SourceDate "2011.11.24"]
[SourceVersion "1"]
[SourceVersionDate "2011.11.24"]
[SourceQuality "1"]

1. e4 e5 2. Nf3 d6 3. d4 Nf6 4. Nc3 exd4 5. Nxd4 Be7 6. Bc4 0-0 7. 0-0 Re8 8. f4 Bf8 9. Qf3 Nbd7 10. Bd2 c6 11. Kh1 Qc7 12. Rae1 Nc5 13. e5 d5 14. exf6 Rxe1 15. Rxe1 dxc4 16. fxg7 Be7 17. Qe2 Bf6 18. Qe8+ Kxg7 19. Nf5+ Bxf5 20. Qxa8 Bxc2 21. Re3 Qd6 22. Rg3+ Bg6 23. Nb1 Ne4 24. Qe8 Nxg3+ 25. hxg3 Bxb1 26. Qe3 Qd3 0-1

[Event "SUI-ch U12"]
[Site "Belp"]
[Date "2010.07.02"]
[Round "2"]
[White "Hoang, Harry"]
[Black "Jin, Fabian"]
[Result "1-0"]
[WhiteElo "1822"]
[BlackElo "1495"]
[PlyCount "61"]
[EventDate "2010.06.29"]
[EventType "swiss"]
[EventRounds "7"]
[EventCountry "SUI"]
[SourceTitle "EXT 2012"]
[Source "ChessBase"]
[SourceDate "2011.11.24"]
[SourceVersion "1"]
[SourceVersionDate "2011.11.24"]
[SourceQuality "1"]

1. c4 e5 2. Nc3 Nc6 3. g3 g6 4. Bg2 Bg7 5. d3 d6 6. Nf3 f5 7. 0-0 Nf6 8. h3 0-0 9. Be3 h6 10. d4 Qe8 11. Qb3 Kh7 12. Rfd1 Rb8 13. Nb5 exd4 14. Bxd4 Qxe2 15. Re1 Na5 16. Rxe2 Nxb3 17. axb3 Rf7 18. Rxa7 g5 19. Ne1 Rd7 20. Bc3 c6 21. Nxd6 Rxd6 22. Be5 Re6 23. Bf1 Rxe5 24. Rxe5 Bd7 25. Re7 Kg6 26. Nf3 Bc8 27. Ne5+ Kh7 28. Rxg7+ Kxg7 29. Nxc6 Nd7 30. Nxb8 Nxb8 31. Ra8 1-0